| 000 | 00588nam a2200181Ia 4500 | ||
|---|---|---|---|
| 003 | GCL | ||
| 008 | 140319s9999 xx 000 0 ara d | ||
| 040 |
_aGCL / _cGCL |
||
| 082 | 0 | 4 |
_a327.2 _bك د |
| 100 | 1 | _aكيسنجر, هنرى | |
| 245 | 1 | 0 |
_aالدبلوماسية : من القرن السابع عشر حتى بداية الحرب الباردة / _cكيسنجر, هنرى |
| 700 | 1 | _aمالك فاضل البديرى | |
| 490 | _a | ||
| 650 | 0 | 4 | _aالعلاقات الخارجية |
| 650 | 0 | 4 | _aالدبلوماسية |
| 650 | 0 | 4 | _aالدبلوماسيون |
| 942 |
_2ddc _cBK |
||
| 999 |
_c48376 _d48376 |
||